| 000 | 00978nam a22003377a 4500 | ||
|---|---|---|---|
| 001 | BR7602727 | ||
| 003 | BR-BrBNA | ||
| 005 | 20230928084955.0 | ||
| 007 | ta | ||
| 008 | 230509b bl.||||| |||| 00| 0 por d | ||
| 040 |
_aBR-BrBNA _bpor _cBiblioteca Nacional de Agricultura |
||
| 041 | _a(Por) | ||
| 072 |
_aK50; E15 _b2480 _b8909 _b/G514 |
||
| 090 | _ 2480 BR7602727 | ||
| 110 | 1 |
_aSecretaria de Planejamento da Presidencia da Republica, Brasilia, DF (Brasil) _99009 |
|
| 245 | 1 | _aPrograma Nacional de Borracha [Industria florestal; Seringueira; Latex; Financiamento; Brasil] | |
| 260 | 3 |
_aBrasilia, DF (Brasil): _c1976. |
|
| 300 | _a60 p. | ||
| 500 | _a16 tables | ||
| 650 | _aIndustria florestal | ||
| 650 | _aMicroeconomia | ||
| 650 | _aSeringueira | ||
| 650 | _aLatex | ||
| 650 | _aBorracha | ||
| 650 | _aFinanciamento | ||
| 650 | _aProducao | ||
| 650 | _aDemanda | ||
| 650 | _aMercado nacional | ||
| 909 |
_a202309 _bLucia _c55 _dLucia Elande |
||
| 942 | _cBK | ||
| 999 |
_c22201 _d22201 |
||